000 00640nas a2200229 4500
001 BR9511488
003 BR-BrBNA
005 20231205095612.0
007 ta
008 230509b bl.|||p| |||| 00| 00por d
040 _aBR-BrBNA
_bpor
_cBiblioteca Nacional de Agricultura
041 _a(Pt)
072 _aF01
100 1 _aCosta, G.C.
245 1 _aUso de arames na fruticultura
650 _aFruticultura
650 _aEspaldeiramento
650 _aPratica Cultural
773 0 _tInformativo Coopercitrus (Brazil)
_x
_g(Sep 1995), v. 9(107) p. 21-22
_wBR9511488
909 _a202311
_bLúcia
_c55
_dLúcia Elande
942 _2AGRIS
_n0
_cANA
999 _c151626
_d151626